[Event "CZE-chT 2122"]
[Site "Czech Republic"]
[Date "2022.01.29"]
[Round "7.4"]
[White "Pisk, Petr"]
[Black "Babula, Vlastimil"]
[Result "1/2-1/2"]
[WhiteElo "2328"]
[BlackElo "2562"]
[PlyCount "28"]
[EventDate "2021.10.15"]
[EventType "team-tourn"]
[EventRounds "15"]
[EventCountry "CZE"]
[SourceTitle "EXT 2023"]
[Source "ChessBase"]
[SourceDate "2022.10.05"]
[SourceVersion "1"]
[SourceVersionDate "2022.10.05"]
[SourceQuality "1"]
[WhiteTeam "Brno Moravska Slavia"]
[BlackTeam "Novoborsky"]
[WhiteTeamCountry "CZE"]
[BlackTeamCountry "CZE"]

1. d4 Nf6 2. Nf3 e6 3. Bg5 c5 4. e3 h6 5. Bh4 cxd4 6. exd4 Qb6 7. Bxf6 gxf6 8. Nbd2 d5 9. c4 Rg8 10. g3 Nc6 11. Bh3 Nxd4 12. 0-0 Nxf3+ 13. Qxf3 Qxb2 14. Rfd1 Qa3 1/2-1/2

[Event "Marianske Lazne IM-B2 20th"]
[Site "Marianske Lazne"]
[Date "2022.01.22"]
[Round "9"]
[White "Richter, Nils"]
[Black "Pisk, Petr"]
[Result "1-0"]
[WhiteElo "2270"]
[BlackElo "2329"]
[PlyCount "119"]
[EventDate "2022.01.15"]
[EventType "tourn"]
[EventRounds "9"]
[EventCountry "CZE"]
[EventCategory "1"]
[SourceTitle "CBM 206 Extra"]
[Source "ChessBase"]
[SourceDate "2022.03.31"]
[SourceVersion "1"]
[SourceVersionDate "2022.03.31"]
[SourceQuality "1"]

1. d4 d5 2. c4 e6 3. Nf3 c5 4. cxd5 exd5 5. g3 Nc6 6. Bg2 Nf6 7. 0-0 cxd4 8. Nxd4 Bc5 9. Nxc6 bxc6 10. Qc2 Qb6 11. Nc3 Be7 12. e4 Be6 13. Be3 Qb7 14. exd5 cxd5 15. Qa4+ Bd7 16. Qb3 Qxb3 17. axb3 Be6 18. Rxa7 Rxa7 19. Bxa7 0-0 20. Rd1 Rd8 21. Bd4 h5 22. Bxf6 Bxf6 23. Nxd5 Bxd5 24. Bxd5 h4 25. b4 Rb8 26. b3 Rxb4 27. Rc1 Rd4 28. Rc8+ Kh7 29. Bxf7 Rd2 30. Bc4 Bd4 31. Rf8 hxg3 32. hxg3 Rb2 33. Kf1 g5 34. f4 Rf2+ 35. Ke1 Rf3 36. f5 g4 37. Bd5 Rxg3 38. f6 Re3+ 39. Kf1 Re5 40. f7 Bc5 41. Rc8 Rf5+ 42. Kg2 Rxd5 43. Rxc5 Rd2+ 44. Kg3 Kg7 45. Rf5 Kf8 46. Kxg4 Rg2+ 47. Kh5 Rh2+ 48. Kg6 Rg2+ 49. Kf6 Rg3 50. b4 Rb3 51. Rd5 Rf3+ 52. Ke6 Rf6+ 53. Kd7 Rxf7+ 54. Kc6 Ke8 55. b5 Rf1 56. b6 Rc1+ 57. Rc5 Rb1 58. b7 Kd8 59. Rd5+ Ke7 60. Rb5 1-0

[Event "Marianske Lazne IM-B2 20th"]
[Site "Marianske Lazne"]
[Date "2022.01.18"]
[Round "5"]
[White "Meszaros, Andras"]
[Black "Pisk, Petr"]
[Result "1/2-1/2"]
[WhiteElo "2217"]
[BlackElo "2329"]
[PlyCount "20"]
[EventDate "2022.01.15"]
[EventType "tourn"]
[EventRounds "9"]
[EventCountry "CZE"]
[EventCategory "1"]
[SourceTitle "CBM 206 Extra"]
[Source "ChessBase"]
[SourceDate "2022.03.31"]
[SourceVersion "1"]
[SourceVersionDate "2022.03.31"]
[SourceQuality "1"]

1. e4 d5 2. exd5 Nf6 3. c4 c6 4. d4 cxd5 5. Nc3 g6 6. Bg5 Bg7 7. Nf3 0-0 8. Bxf6 Bxf6 9. cxd5 Nd7 10. Bc4 Nb6 1/2-1/2

[Event "Marianske Lazne IM-B2 20th"]
[Site "Marianske Lazne"]
[Date "2022.01.18"]
[Round "4"]
[White "Pisk, Petr"]
[Black "Acor, Corey B"]
[Result "1/2-1/2"]
[WhiteElo "2329"]
[BlackElo "2303"]
[PlyCount "27"]
[EventDate "2022.01.15"]
[EventType "tourn"]
[EventRounds "9"]
[EventCountry "CZE"]
[EventCategory "1"]
[SourceTitle "CBM 206 Extra"]
[Source "ChessBase"]
[SourceDate "2022.03.31"]
[SourceVersion "1"]
[SourceVersionDate "2022.03.31"]
[SourceQuality "1"]

1. e4 e5 2. Nf3 Nc6 3. Bb5 Nge7 4. 0-0 d6 5. c3 Bd7 6. d4 Ng6 7. d5 Nb8 8. Bxd7+ Nxd7 9. c4 Be7 10. Nc3 h6 11. g3 Bg5 12. Qe2 Bxc1 13. Raxc1 a5 14. h4 1/2-1/2

[Event "Pardubice Czech op-E 32nd"]
[Site "Pardubice"]
[Date "2021.07.17"]
[Round "4.2"]
[White "Formanek, Martin"]
[Black "Pisk, Petr"]
[Result "1/2-1/2"]
[WhiteElo "2196"]
[BlackElo "2331"]
[PlyCount "41"]
[EventDate "2021.07.15"]
[EventType "team-swiss"]
[EventRounds "7"]
[EventCountry "CZE"]
[SourceTitle "CBM 203 Extra"]
[Source "ChessBase"]
[SourceDate "2021.09.30"]
[SourceVersion "1"]
[SourceVersionDate "2021.09.30"]
[SourceQuality "1"]
[WhiteTeam "Kobylisy"]
[BlackTeam "Brno Moravska Slavia"]
[WhiteTeamCountry "CZE"]
[BlackTeamCountry "CZE"]

1. e4 c5 2. Nc3 e6 3. g3 d5 4. Bg2 dxe4 5. Nxe4 Nd7 6. Ne2 Ngf6 7. 0-0 Nxe4 8. Bxe4 Bd6 9. d4 0-0 10. Bg2 a6 11. c3 Qc7 12. Be3 Rd8 13. Qb3 Rb8 14. Rad1 b5 15. dxc5 Nxc5 16. Bxc5 Bxc5 17. Rxd8+ Qxd8 18. Qc2 Bb7 19. Bxb7 Rxb7 20. Rd1 Rd7 21. Rxd7 1/2-1/2

[Event "CZE-ch Betsys Online Blitz"]
[Site "Chess.com INT"]
[Date "2021.04.17"]
[Round "4"]
[White "Kovarik, Matyas"]
[Black "Pisk, Petr"]
[Result "1-0"]
[WhiteElo "1956"]
[BlackElo "2331"]
[PlyCount "73"]
[EventDate "2021.04.17"]
[EventType "swiss (blitz)"]
[EventRounds "13"]
[EventCountry "CZE"]
[SourceTitle "CBM 201 Extra"]
[Source "ChessBase"]
[SourceDate "2021.05.31"]
[SourceVersion "1"]
[SourceVersionDate "2021.05.31"]
[SourceQuality "1"]

1. e4 c5 2. Nf3 d6 3. d4 cxd4 4. Nxd4 Nf6 5. Nc3 g6 6. Be3 Bg7 7. f3 0-0 8. Qd2 Nc6 9. Bc4 Bd7 10. 0-0-0 Ne5 11. Bb3 Qa5 12. h4 Rfc8 13. Kb1 Rab8 14. h5 Nxh5 15. g4 Nf6 16. Bh6 Bxh6 17. Qxh6 Rxc3 18. bxc3 Qxc3 19. g5 Nh5 20. Rxh5 gxh5 21. Qxh5 Nc4 22. Bxc4 Qxc4 23. Rh1 Qxd4 24. Qxh7+ Kf8 25. Qh8+ Qxh8 26. Rxh8+ Kg7 27. Rxb8 Bc6 28. Kb2 d5 29. e5 Kg6 30. Rf8 Bd7 31. Kc3 Be6 32. Rb8 Kxg5 33. Rxb7 Kf4 34. Rxa7 Kxf3 35. Kd4 Ke2 36. a4 Kd2 37. c3 1-0